А.А. Валидов - организатор автономии Башкортостана. У истоков федерализма в России (1917-1920) (Запись № 388130)
[ простой вид ]
| 000 -МАРКЕР | |
|---|---|
| контрольное поле | 02220nam1a2200385 i 4500 |
| 001 - ИДЕНТИФИКАТОР ЗАПИСИ | |
| контрольное поле | RU\NLR\bibl\981259 |
| 005 - ИДЕНТИФИКАТОР ВЕРСИИ | |
| контрольное поле | 20260408191100.0 |
| 010 ## - МЕЖДУНАРОДНЫЙ СТАНДАРТНЫЙ НОМЕР КНИГИ (ISBN) | |
| Номер (ISBN) | 5-295-03701-0 |
| 035 ## - ДРУГИЕ СИСТЕМНЫЕ НОМЕРА | |
| Идентификатор записи | (NLR Aleph) 000969153 |
| 100 ## - ДАННЫЕ ОБЩЕЙ ОБРАБОТКИ | |
| Данные общей обработки | 20060906g20059999u y0rusy50 ca |
| 101 0# - ЯЗЫК РЕСУРСА | |
| Язык текста, звукозаписи и т.д. | русский |
| 102 ## - СТРАНА ПУБЛИКАЦИИ ИЛИ ПРОИЗВОДСТВА | |
| Страна публикации | Российская Федерация |
| 105 ## - ПОЛЕ КОДИРОВАННЫХ ДАННЫХ: ТЕКСТОВЫЕ МАТЕРИАЛЫ, МОНОГРАФИЧЕСКИЕ | |
| Кодированные данные о монографическом текстовом документе | ||||z ||||| |
| 200 1# - ЗАГЛАВИЕ И СВЕДЕНИЯ ОБ ОТВЕТСТВЕННОСТИ | |
| Основное заглавие | А.А. Валидов - организатор автономии Башкортостана. У истоков федерализма в России (1917-1920) |
| Сведения, относящиеся к заглавию | сборник документов и материалов |
| Первые сведения об ответственности | Упр. по делам арх. при Правительстве Респ. Башкортостан, Центр. гос. ист. арх. Респ. Башкортостан, Центр этнол. исслед. УНЦ РАН |
| Последующие сведения об ответственности | [редкол.: С.Ф. Касимов (отв. ред.) и др. |
| -- | сост.: Н.М. Хисматуллина (отв. сост.) и др.] |
| 210 ## - ПУБЛИКАЦИЯ, РАСПРОСТРАНЕНИЕ И ДР. | |
| Место издания, распространения и т.д. | Уфа |
| Имя издателя, распространителя и т. д. | Китап |
| Дата издания, распространения и т.д. | 2005 |
| 215 ## - ФИЗИЧЕСКАЯ ХАРАКТЕРИСТИКА | |
| Размеры | 22 |
| 300 ## - ОБЩИЕ ПРИМЕЧАНИЯ | |
| Текст примечания | 115-летию со дня рождения А.А. Валидова посвящается |
| 463 #0 - УРОВЕНЬ ФИЗИЧЕСКОЙ ЕДИНИЦЫ | |
| Встроенное поле | 001973927 |
| 463 #0 - УРОВЕНЬ ФИЗИЧЕСКОЙ ЕДИНИЦЫ | |
| Встроенное поле | 0011777694 |
| 532 10 - РАСШИРЕННОЕ ЗАГЛАВИЕ | |
| Заглавие | Ахметзаки Ахметшахович Валидов |
| Язык заглавия | русский |
| 600 #1 - ИМЯ ЛИЦА КАК ПРЕДМЕТ | |
| Начальный элемент ввода | Валидов |
| Часть имени, кроме начального элемента ввода | А. |
| Расширение инициалов личного имени | Ахмет-Заки |
| Даты | 1890 - 1970 |
| Формальный подзаголовок | Документы и материалы |
| Идентификатор авторитетной/нормативной записи | RU\NLR\auth\661262634 |
| Системный номер авторитетной/нормативной записи | 2086493 |
| 607 ## - ГЕОГРАФИЧЕСКОЕ НАИМЕНОВАНИЕ КАК ПРЕДМЕТ | |
| Географическое наименование | Башкирия |
| Формальный подзаголовок | Документы и материалы |
| Тематический подзаголовок | Автономия |
| -- | История |
| Хронологический подзаголовок | 1917 - 1925 |
| Системный номер авторитетной/нормативной записи | 2081196 |
| Идентификатор авторитетной/нормативной записи | RU\NLR\auth\661257163 |
| 686 ## - ИНДЕКСЫ ДРУГИХ КЛАССИФИКАЦИЙ | |
| Индекс | Т3(2Р-6Б)71 |
| 686 ## - ИНДЕКСЫ ДРУГИХ КЛАССИФИКАЦИЙ | |
| Индекс | Т3(2)71-36 |
| 702 #1 - ИМЯ ЛИЦА - ВТОРИЧНАЯ ОТВЕТСТВЕННОСТЬ | |
| Начальный элемент ввода | Валидов |
| Часть имени, кроме начального элемента ввода | А. А. |
| Даты | 1890-1970 |
| Расширение инициалов личного имени | Ахметзаки Ахметшахович |
| Код отношения | Прочие |
| 702 #1 - ИМЯ ЛИЦА - ВТОРИЧНАЯ ОТВЕТСТВЕННОСТЬ | |
| Начальный элемент ввода | Касимов |
| Часть имени, кроме начального элемента ввода | С. Ф. |
| Расширение инициалов личного имени | Салават Фитратович |
| Код отношения | Редактор |
| 702 #1 - ИМЯ ЛИЦА - ВТОРИЧНАЯ ОТВЕТСТВЕННОСТЬ | |
| Начальный элемент ввода | Хисматуллина |
| Часть имени, кроме начального элемента ввода | Н. М. |
| Расширение инициалов личного имени | Нурдида Мидхатовна |
| Код отношения | Составитель |
| 712 02 - НАИМЕНОВАНИЕ ОРГАНИЗАЦИИ - ВТОРИЧНАЯ ОТВЕТСТВЕННОСТЬ | |
| Код отношения | Прочие |
| Начальный элемент ввода | Центральный государственный исторический архив Республики Башкортостан |
| Идентифицирующий признак | Уфа |
| Идентификатор авторитетной/нормативной записи | RU\NLR\AUTH\8810015329 |
| Системный номер авторитетной/нормативной записи | 528517 |
| 801 #0 - ИСТОЧНИК ЗАПИСИ | |
| Страна | Российская Федерация |
| Организация | NLR |
| Дата составления | 20060906 |
| Правила каталогизации | rcr |
| 801 #1 - ИСТОЧНИК ЗАПИСИ | |
| Страна | Российская Федерация |
| Организация | NLR |
| Дата составления | 20060906 |
| 852 ## - МЕСТОНАХОЖДЕНИЕ И ШИФР ХРАНЕНИЯ | |
| Идентификатор организации | NLR |
| Шифр хранения (Call Number) | 2006-5/5608 |
| 942 ## - ДОПОЛНИТЕЛЬНЫЕ ЭЛЕМЕНТЫ ЗАПИСИ (АБИС) | |
| Тип экземпляра АБИС | Книга |
| 980 ## - КОЛЛЕКЦИЯ | |
| Название коллекции | НБР |
Нет доступных экземпляров.